Prénoms des footballeurs n°5 - Statistiques

Statistiques générales
  • Ce quiz a été pris 143 fois
  • Le résultat moyen est 12 sur 15
Statistiques - réponses
Pays Nom Prénom % Correct
Suède Ibrahimović Zlatan
96%
France Saliba William
92%
Angleterre Rooney Wayne
90%
Allemagne Kimmich Joshua
88%
Espagne Carvajal Dani (Daniel)
86%
Argentine Agüero Sergio
84%
France Lizarazu Bixente
83%
Portugal Leão Rafael
83%
Côte d'Ivoire Touré Yaya
82%
Italie Pirlo Andrea
81%
Angleterre Ferdinand Rio
74%
Brésil Nazário Ronaldo
74%
Tchéquie Nedvěd Pavel
72%
Pays-Bas de Vrij Stefan
48%
Ghana Semenyo Antoine
30%
Aucun quiz correspondant
Distribution des résultats
% des personnes avec chaque résultat
Percentile par nombre de réponses
Votre historique - résultats
Vous n’avez pas pris ce quiz